000 00341nam a2200157Ia 4500
003 OSt
005 20240127112430.0
008 170524s9999 xx 000 0 und d
020 _a9788123914480
040 _ciimtu
100 _aHussain- Ashfaq
245 0 _aElectrical Power Systems
260 _bCBS
260 _c2010
942 _2ddc
_c02
999 _c5941
_d5941